000 00295nam a22001337a 4500
008 171010b xxu||||| |||| 00| 0 eng d
020 _a9780465092130
041 _aeng
080 _a316
100 _a50
101 _aSOC
245 _aWOMEN'S WAYS OF KNOWING
_cBELENKY, M.F
942 _2udc
_cBK
999 _c32919
_d32919